000 00647nam a2200265Ia 4500
005 20260121173020.0
008 008 260114s9999 xx 000 0 eng d
020 _a9783030833244
037 _aEBOOK
040 _aCRL
040 _beng
040 _cCRL
041 _2eng
041 _aeng
084 _qCRL
100 _aKei Ehara
_91095573
245 0 _aJapanese Discourses on the Marxian Theory of Finance
260 _bSpringer
260 _bSpringer
260 _c2022
856 _uhttps://link.springer.com/openurl?genre=book&isbn=978-3-030-83324-4
942 _cEBOOK
999 _c1661315
_d1661315